书目信息 |
| 题名: |
资政奇典
|
|
| 作者: | 孔泽人 主编 | |
| 分册: | ||
| 出版信息: | 北京 北京燕山出版社 1996 |
|
| 页数: | 562页 | |
| 开本: | 20cm | |
| 丛书名: | 经国五典 | |
| 单 册: | ||
| 中图分类: | Z126.23 | |
| 科图分类: | ||
| 主题词: | --中国--战国时代 , 丛书--中国 | |
| 电子资源: | ||
| ISBN: | 7-5402-0463-X | |
| 000 | 00723nam2 2200253 45 | |
| 001 | 1556600651 | |
| 005 | 20151110165538.34 | |
| 010 | @a7-5402-0463-X@b精装@dCNY33.80 | |
| 100 | @a19960813d1996 emky0chiy0121 ea | |
| 101 | 0 | @achi |
| 102 | @aCN@b110000 | |
| 105 | @ay z 000yy | |
| 200 | 10 | @a资政奇典@AZI ZHENG QI DIAN@e[吕览]@E[ LU“ LAN ]@f孔泽人主编@FKONG ZE REN ZHU BIAN |
| 210 | @a北京@c北京燕山出版社@d1996 | |
| 215 | @a562页@d20cm | |
| 225 | 2 | @a经国五典@e文白对照全译本 |
| 410 | 0 | @120010@a经国五典 |
| 517 | 1 | @a吕览@ALU“ LAN |
| 606 | @a@y中国@z战国时代 | |
| 606 | 0 | @a丛书@x中国 |
| 690 | @aZ126.23@v4 | |
| 701 | 0 | @a孔泽人@AKONG ZE REN@4主编 |
| 801 | 0 | @aCN@bTSSF@c20150128 |
| 905 | @aZUCC@dZ126.23@eJY2 | |
| 资政奇典:[吕览]/孔泽人主编.-北京:北京燕山出版社,1996 |
| 562页;20cm.-(经国五典:文白对照全译本) |
| ISBN 7-5402-0463-X(精装):CNY33.80 |
| ● |
| 相关链接 |
|
|
|
|
正题名:资政奇典
索取号:Z126.23/JY2
 
预约/预借
| 序号 | 登录号 | 条形码 | 馆藏地/架位号 | 状态 | 备注 |
| 1 | 7841089 | 278410890 | 学院路分馆/ [索取号:Z126.23/JY2] | 在馆 |